Dopyt po dobrovoľníckom cestovnom ruchu: Prípadová štúdia obyvateľov mesta Banská Bystrica
Charakteristika dobrovoľníckeho cestovného ruchu. Výsledky dotazníkového prieskumu uskutočneného v Banskej Bystrici v r. 2017. Uspokojený dopyt po zahraničnom dobrovoľníckom cestovnom ruchu a po domácom dobrovoľníckom cestovnom ruchu. Potenciálny dopyt po zahraničnom ako aj domácom dobrovoľníckom ce...
Saved in:
| Main Author: | |
|---|---|
| Other Authors: | |
| Format: | Book Chapter |
| Language: | Slovak |
| Subjects: | |
| Tags: |
No Tags, Be the first to tag this record!
|
MARC
| LEADER | 00000naa a2200000 4500 | ||
|---|---|---|---|
| 001 | 0242650 | ||
| 005 | 20180507095743.4 | ||
| 041 | 0 | |a slo | |
| 044 | |a SK | ||
| 245 | 1 | 0 | |a Dopyt po dobrovoľníckom cestovnom ruchu: Prípadová štúdia obyvateľov mesta Banská Bystrica |c Jana Sokolová, Kristína Pompurová |
| 520 | |a Charakteristika dobrovoľníckeho cestovného ruchu. Výsledky dotazníkového prieskumu uskutočneného v Banskej Bystrici v r. 2017. Uspokojený dopyt po zahraničnom dobrovoľníckom cestovnom ruchu a po domácom dobrovoľníckom cestovnom ruchu. Potenciálny dopyt po zahraničnom ako aj domácom dobrovoľníckom cestovnom ruchu. | ||
| 610 | 2 | 0 | |a dobrovoľníctvo |
| 610 | 2 | 0 | |a ruch cestovný domáci |
| 610 | 2 | 0 | |a ruch cestovný zahraničný |
| 610 | 2 | 0 | |a mestá |
| 610 | 2 | 0 | |a prieskum dopytu |
| 610 | 2 | 0 | |a dopyt |
| 610 | 2 | 0 | |a Slovensko |
| 100 | 1 | |a Sokolová, Jana | |
| 700 | 1 | |a Pompurová, Kristína | |